000
00319nam a22001457a 4500
003
SGT
020
_a
978-93-272-7248-2
082
_a
576.5
_b
PAL
100
_a
PALI, VIKAS
245
_a
PRACTICAL HANBOOK OF GENETICS
260
_a
DELHI
_b
KALYANI
_c
2017
300
_a
113
650
_a
GENETICS
942
_2
ddc
_c
BK
_0
2
999
_c
25672
_d
25672